[Event "25th European Teams"]
[Site "Batumi GEO"]
[Date "2025.10.08"]
[Round "4.20"]
[Board "1"]
[White "Waldhausen Gordon, Frederick"]
[Black "Sousa, Andre Ventura"]
[Result "1/2-1/2"]
[WhiteTitle "FM"]
[BlackTitle "IM"]
[WhiteElo "2389"]
[BlackElo "2433"]
[WhiteTeam "Scotland"]
[BlackTeam "Portugal"]
[WhiteFideId "2409143"]
[BlackFideId "1917617"]
[EventDate "2025.10.05"]

1. e4 c5 2. Nf3 d6 3. Bb5+ Bd7 4. Bxd7+ Nxd7 5. O-O e6 6. Re1 Be7 7. c3 Ngf6 8.
d4 O-O 9. Bg5 h6 10. Bxf6 Bxf6 11. d5 exd5 12. Qxd5 Nb6 13. Qxb7 Na4 14. b3 Bxc3
15. Nxc3 Nxc3 16. Qa6 Qb6 17. Qd3 Nb5 18. Red1 Rfd8 19. Rac1 a5 20. Rc4 Rd7 21.
h3 Rad8 22. Qe3 Na3 23. Rc3 Nb5 24. Rc4 Na3 25. Rc3 Nb5 26. Rc4 Na3 1/2-1/2

[Event "25th European Teams"]
[Site "Batumi GEO"]
[Date "2025.10.08"]
[Round "4.20"]
[Board "2"]
[White "Barria, Jose"]
[Black "Grant, Jonathan I M"]
[Result "1-0"]
[WhiteTitle "FM"]
[WhiteElo "2376"]
[BlackElo "2134"]
[WhiteTeam "Portugal"]
[BlackTeam "Scotland"]
[WhiteFideId "1939300"]
[BlackFideId "2400294"]
[EventDate "2025.10.05"]

1. e4 c6 2. Nc3 d5 3. Nf3 Bg4 4. Be2 e6 5. O-O Nf6 6. e5 Nfd7 7. d4 Be7 8. Ne1
Bxe2 9. Nxe2 c5 10. c3 Nc6 11. Be3 O-O 12. Nd3 Rc8 13. Nef4 cxd4 14. cxd4 Nb4
15. Nxb4 Bxb4 16. Qg4 Rc6 17. Nd3 f5 18. exf6 Nxf6 19. Qe2 Bd6 20. Rfc1 Rxc1+
21. Rxc1 Nd7 22. g3 Re8 23. Re1 Qa5 24. a3 Qa4 25. h4 Nf6 26. Rc1 e5 27. dxe5
Bxe5 28. Nxe5 Rxe5 29. Qd3 Qe8 30. Bxa7 Re1+ 31. Rxe1 Qxe1+ 32. Kg2 Qe6 33. Bd4
Ne4 34. Qe3 Qd6 35. Qf3 Qe7 36. Qf5 Qd8 37. Qe6+ Kf8 38. f3 Qd6 39. Qc8+ Kf7 40.
Qxb7+ 1-0

[Event "25th European Teams"]
[Site "Batumi GEO"]
[Date "2025.10.08"]
[Round "4.20"]
[Board "3"]
[White "Mitchell, Martin"]
[Black "Martins, Bruno Andre Leite"]
[Result "0-1"]
[BlackTitle "FM"]
[WhiteElo "2117"]
[BlackElo "2363"]
[WhiteTeam "Scotland"]
[BlackTeam "Portugal"]
[WhiteFideId "2400634"]
[BlackFideId "1942255"]
[EventDate "2025.10.05"]

1. d4 Nf6 2. c4 e6 3. Nc3 Bb4 4. Nf3 O-O 5. Bg5 c5 6. e3 cxd4 7. exd4 d5 8. Qb3
Nc6 9. a3 dxc4 10. Bxc4 Be7 11. Qd1 b6 12. O-O Bb7 13. Qd3 h6 14. Bf4 Bd6 15.
Be3 Ne7 16. Ne5 Nf5 17. Rad1 Rc8 18. Rfe1 Qe7 19. Bf4 Nh5 20. Bc1 Bxe5 21. Rxe5
Rfd8 22. d5 Qc7 23. Rxf5 exf5 24. Qxf5 Qxc4 25. Qxh5 Bxd5 26. h3 Bb7 27. Re1 Re8
28. Rd1 Rcd8 29. Rxd8 Rxd8 30. Be3 Qc6 31. f3 Qe6 32. Bf4 Rd4 0-1

[Event "25th European Teams"]
[Site "Batumi GEO"]
[Date "2025.10.08"]
[Round "4.20"]
[Board "4"]
[White "Martins, David Pires Tavares"]
[Black "Morrison, Chris"]
[Result "1-0"]
[WhiteTitle "IM"]
[WhiteElo "2430"]
[BlackElo "2174"]
[WhiteTeam "Portugal"]
[BlackTeam "Scotland"]
[WhiteFideId "1909991"]
[BlackFideId "2400235"]
[EventDate "2025.10.05"]

1. d4 d6 2. Nf3 Nf6 3. c4 Nbd7 4. Nc3 e5 5. e4 Be7 6. Be2 O-O 7. O-O c6 8. Qc2
Qc7 9. Be3 Ng4 10. Bd2 a6 11. h3 Ngf6 12. Rac1 b5 13. cxb5 cxb5 14. Rfd1 exd4
15. Nxd4 b4 16. Nd5 Nxd5 17. Qxc7 Nxc7 18. Rxc7 Bd8 19. Rcc1 a5 20. Bf4 Ne5 21.
Nb5 Be6 22. b3 a4 23. Rxd6 Ng6 24. Bd2 axb3 25. axb3 Bxb3 26. Bxb4 Bg5 27. Bd2
Be7 28. Rd3 Ba2 29. Nc7 Ra4 30. Nd5 Ba3 31. Nc3 Bxc1 32. Nxa4 Ne5 33. Bxc1 Nxd3
34. Bxd3 Rc8 35. Be3 Bb3 36. Nc5 Ba2 37. e5 Bd5 38. Kh2 Re8 39. Bf4 Rc8 40. Ne4
Ra8 41. Nc3 Be6 42. Be4 Ra3 43. Nd1 Ra4 44. f3 h6 45. h4 Ra1 46. Ne3 Ra5 47. Nf5
Ra4 48. Kg3 Ra5 49. h5 Rb5 50. Nd4 Rb6 51. Nxe6 Rxe6 52. Kf2 Ra6 53. Bd2 Ra2 54.
Ke3 Ra3+ 55. Bd3 Ra4 56. f4 Kf8 57. Be4 Kg8 58. Bc3 Kf8 59. g4 Kg8 60. g5 hxg5
61. fxg5 Ra3 62. Kd3 Ra7 63. h6 Rd7+ 64. Ke3 g6 65. e6 Rc7 66. Bf6 Kh7 67. e7
Rc8 68. Bc6 Rxc6 69. e8=Q 1-0

[Event "25th European Teams"]
[Site "Batumi GEO"]
[Date "2025.10.09"]
[Round "5.1"]
[Board "1"]
[White "Predke, Alexandr"]
[Black "Ponomariov, Ruslan"]
[Result "1/2-1/2"]
[WhiteTitle "GM"]
[BlackTitle "GM"]
[WhiteElo "2634"]
[BlackElo "2633"]
[WhiteTeam "Serbia"]
[BlackTeam "Ukraine"]
[WhiteFideId "24107581"]
[BlackFideId "14103320"]
[EventDate "2025.10.05"]

1. d4 Nf6 2. c4 e6 3. Nf3 d5 4. Nc3 Bb4 5. Bg5 h6 6. Bxf6 Qxf6 7. Qa4+ Nc6 8. e3
O-O 9. Be2 dxc4 10. O-O Qe7 11. Bxc4 Bxc3 12. bxc3 Bd7 13. Qd1 Rfd8 14. Rb1 Be8
15. Bd3 Na5 16. Ne5 c5 17. Qf3 cxd4 18. cxd4 Nc6 19. Qe4 g6 20. Rfc1 Rac8 21. h4
Nxe5 22. Qxe5 Rxc1+ 23. Rxc1 Bc6 24. Be4 Qxh4 25. Bxc6 Rc8 26. Qa5 Qh5 27. Qxh5
gxh5 28. Rb1 bxc6 29. Rc1 Rb8 30. Rxc6 Rb1+ 31. Kh2 Rb2 32. Ra6 Rxf2 33. Kg3 Rf1
34. Rxa7 Kg7 35. Ra5 f5 36. a4 Kf6 37. Ra6 Kf7 38. Ra7+ Kf6 39. Ra6 Kf7 40. d5
exd5 41. Rxh6 Ra1 42. Rxh5 Ke6 43. Rh4 Ke5 44. Kf3 Ra2 45. Rb4 Ra3 46. g3 Ra2
47. Rf4 Ra1 48. g4 fxg4+ 49. Rxg4 Ra2 50. Rh4 Ra3 51. Rh5+ Kd6 52. Rh6+ Ke5 53.
Rh4 Kd6 54. Rd4 Ke5 55. Rb4 Ra2 56. Rg4 Ra3 57. Rh4 Kd6 58. Ke2 Ra2+ 59. Kd3 1/2-1/2

[Event "25th European Teams"]
[Site "Batumi GEO"]
[Date "2025.10.09"]
[Round "5.1"]
[Board "2"]
[White "Volokitin, Andrei"]
[Black "Sarana, Alexey"]
[Result "1/2-1/2"]
[WhiteTitle "GM"]
[BlackTitle "GM"]
[WhiteElo "2617"]
[BlackElo "2661"]
[WhiteTeam "Ukraine"]
[BlackTeam "Serbia"]
[WhiteFideId "14107090"]
[BlackFideId "24133795"]
[EventDate "2025.10.05"]

1. e4 c5 2. Nf3 d6 3. d4 cxd4 4. Nxd4 Nf6 5. Nc3 a6 6. Be3 e5 7. Nb3 Be6 8. Qd2
Nbd7 9. O-O-O Be7 10. h3 b5 11. f4 O-O 12. f5 Bxb3 13. cxb3 d5 14. Nxd5 Nxe4 15.
Nxe7+ Qxe7 16. Qe1 Ndc5 17. g4 Rad8 18. Kb1 Rxd1+ 19. Qxd1 Ng3 20. Qc2 Nce4 21.
Rg1 Nxf1 22. Rxf1 Qb7 23. Rc1 Ra8 24. Qc7 Qxc7 25. Rxc7 h5 26. Re7 hxg4 27. hxg4
Nf6 28. g5 Ng4 29. Bd2 f6 30. gxf6 gxf6 31. a4 Nf2 32. Bh6 Ne4 33. Rg7+ Kh8 34.
Rg4 Nd6 35. Bg7+ Kg8 36. Bxf6+ Kf7 37. Bxe5 Nxf5 38. Rg5 Ke6 39. Bc3 bxa4 40.
bxa4 Ne7 41. Kc2 Nd5 42. Rg6+ Kd7 43. Kb3 Rb8+ 44. Kc4 Nb6+ 45. Kb4 Nd5+ 46. Kc5
Nxc3 47. bxc3 Rc8+ 48. Kd4 Kc7 49. Rxa6 Kb7 50. Ra5 Rh8 51. Re5 Ra8 52. Rb5+ Kc6
53. Rb4 Rh8 54. Kc4 Rh5 55. Rb5 Rh4+ 56. Kb3 Rg4 57. c4 Rg1 58. Kb4 Rb1+ 59. Kc3
Rc1+ 60. Kd3 Kc7 61. a5 Kc6 62. a6 Rd1+ 63. Kc3 Ra1 64. Rh5 Rxa6 65. Rh6+ Kc5
66. Rxa6 1/2-1/2

[Event "25th European Teams"]
[Site "Batumi GEO"]
[Date "2025.10.09"]
[Round "5.1"]
[Board "3"]
[White "Indjic, Aleksandar"]
[Black "Kovalenko, Igor"]
[Result "0-1"]
[WhiteTitle "GM"]
[BlackTitle "GM"]
[WhiteElo "2618"]
[BlackElo "2669"]
[WhiteTeam "Serbia"]
[BlackTeam "Ukraine"]
[WhiteFideId "911925"]
[BlackFideId "14117908"]
[EventDate "2025.10.05"]

1. Nf3 Nf6 2. c4 e6 3. Nc3 d5 4. e3 dxc4 5. Bxc4 a6 6. e4 b5 7. Bb3 Bb7 8. e5
Nd5 9. d4 Nxc3 10. bxc3 Be7 11. O-O Nd7 12. Nd2 Nb6 13. Qg4 g6 14. Ne4 h5 15.
Qe2 Qd7 16. f3 Bd5 17. Ba3 Bxe4 18. Bxe7 Bd3 19. Qxd3 Qxe7 20. a4 c6 21. f4 Qd7
22. Qf3 b4 23. a5 Nc8 24. d5 Qa7+ 25. Kh1 cxd5 26. Bxd5 exd5 27. f5 Ne7 28. fxg6
Nxg6 29. e6 O-O 30. Qxh5 Kg7 31. exf7 Qd7 32. cxb4 Rxf7 33. Rxf7+ Qxf7 34. Rd1
Re8 35. h3 Re5 36. Qg4 Qf2 37. Kh2 Kh6 38. Qg3 Qb2 39. Qf3 d4 40. Qf1 Rg5 41.
Rd3 Qxb4 42. Qc1 Qxa5 43. Kh1 Qd5 44. Rg3 Qe5 0-1

[Event "25th European Teams"]
[Site "Batumi GEO"]
[Date "2025.10.09"]
[Round "5.1"]
[Board "4"]
[White "Samunenkov, Ihor"]
[Black "Markus, Robert"]
[Result "1-0"]
[WhiteTitle "GM"]
[BlackTitle "GM"]
[WhiteElo "2568"]
[BlackElo "2535"]
[WhiteTeam "Ukraine"]
[BlackTeam "Serbia"]
[WhiteFideId "14187086"]
[BlackFideId "921637"]
[EventDate "2025.10.05"]

1. e4 e6 2. d4 d5 3. Nc3 Bb4 4. e5 c5 5. Bd2 Ne7 6. a3 Bxc3 7. Bxc3 Nbc6 8. Nf3
cxd4 9. Bxd4 Nf5 10. Bc3 d4 11. Bd2 Qd5 12. c4 dxc3 13. Bxc3 O-O 14. Be2 Rd8 15.
O-O Qe4 16. Nd2 Qh4 17. g3 Qe7 18. Bf3 Bd7 19. Re1 Rac8 20. Bg2 Be8 21. Qg4 Ncd4
22. Rac1 Bc6 23. Ne4 Bxe4 24. Qxe4 Nc6 25. b4 a6 26. a4 h5 27. Rcd1 Qc7 28.
Rxd8+ Qxd8 29. Bf3 Nce7 30. Rd1 Qe8 31. Be1 g6 32. Qxb7 Qxa4 33. Be2 Rc6 34. Qd7
Qc2 35. Qe8+ 1-0

[Event "25th European Teams"]
[Site "Batumi GEO"]
[Date "2025.10.09"]
[Round "5.2"]
[Board "1"]
[White "Shirov, Alexei"]
[Black "Giri, Anish"]
[Result "0-1"]
[WhiteTitle "GM"]
[BlackTitle "GM"]
[WhiteElo "2636"]
[BlackElo "2759"]
[WhiteTeam "Spain"]
[BlackTeam "Netherlands"]
[WhiteFideId "2209390"]
[BlackFideId "24116068"]
[EventDate "2025.10.05"]

1. e4 c5 2. Nf3 d6 3. d4 cxd4 4. Nxd4 Nf6 5. Nc3 a6 6. Be3 e5 7. Nb3 Be6 8. f3
h5 9. Nd5 Bxd5 10. exd5 Nbd7 11. Qd2 g6 12. O-O-O Bg7 13. h3 b5 14. Na5 Nb6 15.
Nc6 Qc7 16. Bxb6 Qxb6 17. Kb1 a5 18. a3 O-O 19. g4 Rfe8 20. g5 Nd7 21. Bd3 e4
22. fxe4 Ne5 23. Nxe5 Bxe5 24. Rhf1 Reb8 25. Rf3 Qd8 26. Ka2 Qe8 27. Rb1 b4 28.
Bf1 Ra7 29. Rb3 Rc7 30. c3 bxc3 31. Rxb8 Qxb8 32. bxc3 Qc8 33. Rc1 Bxc3 34. Qd3
Rc5 35. Qa6 Qc7 36. Rc2 Qb8 37. Qd3 Be5 38. Qd1 a4 39. Qb1 Rxc2+ 40. Qxc2 Qb6 0-1

[Event "25th European Teams"]
[Site "Batumi GEO"]
[Date "2025.10.09"]
[Round "5.2"]
[Board "2"]
[White "Van Foreest, Jorden"]
[Black "Chigaev, Maksim"]
[Result "1/2-1/2"]
[WhiteTitle "GM"]
[BlackTitle "GM"]
[WhiteElo "2697"]
[BlackElo "2634"]
[WhiteTeam "Netherlands"]
[BlackTeam "Spain"]
[WhiteFideId "1039784"]
[BlackFideId "4108116"]
[EventDate "2025.10.05"]

1. d4 Nf6 2. c4 e6 3. Nf3 b6 4. g3 Bb7 5. Bg2 Be7 6. O-O O-O 7. Re1 Ne4 8. Nfd2
d5 9. cxd5 exd5 10. Nxe4 dxe4 11. Nc3 f5 12. Bf4 Bd6 13. Bxd6 Qxd6 14. e3 a6 15.
Qb3+ Kh8 16. Qa3 Nd7 17. Qxd6 cxd6 18. a4 g6 19. Bf1 Rac8 20. Rec1 Nf6 21. Ra3
Kg7 22. Be2 Kf7 23. Kf1 Ke7 24. Ke1 Rc6 25. Kd2 Rfc8 26. h3 h5 27. Rg1 g5 28.
Rf1 a5 29. Rb1 g4 30. Rh1 d5 31. hxg4 fxg4 32. Rb1 Ra8 33. Bb5 Rc7 34. b4 axb4
35. Rxb4 Rac8 36. Rb2 Rh8 37. Be2 h4 38. gxh4 Rxh4 39. Rxb6 Rh2 40. a5 Rxf2 41.
a6 Ba8 42. Rb8 Bc6 43. a7 g3 44. Ra6 g2 45. Rxc6 Rxa7 46. Rb1 Kf7 47. Rxf6+ Kxf6
48. Rg1 Kf5 49. Ke1 Rf3 50. Rxg2 Rxe3 51. Kd2 Rxc3 52. Kxc3 Kf4 53. Bb5 Rc7+ 54.
Kd2 Rb7 55. Bf1 Rb2+ 56. Kc3 Rb1 57. Ba6 Rb6 58. Bf1 Rb1 59. Ba6 Rb6 60. Ra2 Ke3
61. Ra4 Rc6+ 62. Kb3 Rb6+ 63. Kc3 Rc6+ 64. Kb3 Rb6+ 65. Kc2 Rc6+ 66. Kd1 Rb6 67.
Kc1 Rc6+ 68. Kd1 Rb6 69. Bc8 Rb2 70. Kc1 Rd2 71. Be6 Rxd4 72. Ra5 Kf2 73. Rxd5
Rxd5 74. Bxd5 1/2-1/2

[Event "25th European Teams"]
[Site "Batumi GEO"]
[Date "2025.10.09"]
[Round "5.2"]
[Board "3"]
[White "Anton Guijarro, David"]
[Black "Warmerdam, Max"]
[Result "1-0"]
[WhiteTitle "GM"]
[BlackTitle "GM"]
[WhiteElo "2631"]
[BlackElo "2582"]
[WhiteTeam "Spain"]
[BlackTeam "Netherlands"]
[WhiteFideId "2285525"]
[BlackFideId "1048104"]
[EventDate "2025.10.05"]

1. d4 d5 2. c4 dxc4 3. Nf3 Nf6 4. e3 e6 5. Bxc4 c5 6. O-O cxd4 7. exd4 Be7 8.
Nc3 O-O 9. Bf4 Nbd7 10. Ne5 Nb6 11. Bb3 Nbd5 12. Bg3 b6 13. Nc6 Qe8 14. Rc1 Bd7
15. Nxe7+ Qxe7 16. Nxd5 Nxd5 17. Re1 Qf6 18. Qg4 Qg6 19. Qxg6 hxg6 20. Bxd5 exd5
21. Re7 Be6 22. h4 Rfe8 23. Rxe8+ Rxe8 24. Rc7 Ra8 25. f3 Bf5 26. Bf4 Bb1 27. a3
Bd3 28. b3 Bb1 29. a4 Ba2 30. b4 Bb3 31. a5 bxa5 32. bxa5 a6 33. Rb7 Bc4 34. Bb8
Bb5 35. Kf2 Kf8 36. Bd6+ Kg8 37. Bb8 Kf8 38. g4 Ke8 39. Be5 Rc8 40. Bxg7 Rc2+
41. Kg3 Rc3 42. Bf6 Rc6 43. g5 Rc2 44. Kf4 Re2 45. Rc7 Bc4 46. Rc8+ Kd7 47. Rh8
Bd3 48. Rd8+ Ke6 49. Bg7 Bb5 50. Bf8 Bd7 51. Ra8 1-0

[Event "25th European Teams"]
[Site "Batumi GEO"]
[Date "2025.10.09"]
[Round "5.2"]
[Board "4"]
[White "Van Wely, Loek"]
[Black "Yuffa, Daniil"]
[Result "1-0"]
[WhiteTitle "GM"]
[BlackTitle "GM"]
[WhiteElo "2630"]
[BlackElo "2621"]
[WhiteTeam "Netherlands"]
[BlackTeam "Spain"]
[WhiteFideId "1000268"]
[BlackFideId "24131423"]
[EventDate "2025.10.05"]

1. d4 Nf6 2. c4 e6 3. g3 c5 4. d5 exd5 5. cxd5 d6 6. Nf3 g6 7. Bg2 Bg7 8. a4 O-O
9. Nfd2 Nbd7 10. O-O Re8 11. Na3 b6 12. h3 Bb7 13. e4 a6 14. Rb1 Bc8 15. Re1 Ne5
16. Qc2 g5 17. b4 g4 18. h4 cxb4 19. Rxb4 Bd7 20. Rb1 Rc8 21. Qb3 b5 22. axb5
axb5 23. Nc2 Bh6 24. Nf1 Bxc1 25. Rexc1 Qb6 26. Nfe3 Nf3+ 27. Bxf3 gxf3 28. Qb2
Nxe4 29. Nd4 Rxc1+ 30. Rxc1 Nxg3 31. Kh2 Re4 32. Nxf3 Nf5 33. Rg1+ Kf8 34. Nxf5
Bxf5 35. Qg7+ Ke7 36. Qg5+ Kf8 37. Qg7+ Ke7 38. Qg5+ Kf8 39. Qxf5 Qxf2+ 40. Rg2
Rxh4+ 41. Nxh4 Qxh4+ 42. Kg1 Qe1+ 43. Kh2 Qh4+ 44. Qh3 Qf4+ 45. Rg3 b4 46. Qc8+
Ke7 47. Qc2 Kf6 48. Kg2 Ke5 49. Qd3 f5 50. Re3+ Kf6 51. Qe2 Qh4 52. Re6+ Kf7 53.
Rxd6 Qg5+ 54. Kh3 1-0

[Event "25th European Teams"]
[Site "Batumi GEO"]
[Date "2025.10.09"]
[Round "5.3"]
[Board "1"]
[White "Theodorou, Nikolas"]
[Black "Mamedyarov, Shakhriyar"]
[Result "1/2-1/2"]
[WhiteTitle "GM"]
[BlackTitle "GM"]
[WhiteElo "2652"]
[BlackElo "2742"]
[WhiteTeam "Greece"]
[BlackTeam "Azerbaijan"]
[WhiteFideId "4262875"]
[BlackFideId "13401319"]
[EventDate "2025.10.05"]

1. Nf3 d5 2. g3 Nf6 3. Bg2 e6 4. O-O b5 5. d3 Be7 6. e4 dxe4 7. dxe4 Qxd1 8.
Rxd1 Bb7 9. Nd4 Bxe4 10. Nxb5 Na6 11. N1c3 Bxg2 12. Kxg2 O-O 13. Nd4 Nb8 14. Bf4
Rc8 15. a3 a6 16. Nb3 Nc6 17. Nd4 Nb8 18. Nb3 Nc6 19. Nd4 Nd8 20. Nf3 Nc6 21.
Nd4 1/2-1/2

[Event "25th European Teams"]
[Site "Batumi GEO"]
[Date "2025.10.09"]
[Round "5.3"]
[Board "2"]
[White "Mamedov, Rauf"]
[Black "Kourkoulos-Arditis, Stamatis"]
[Result "1/2-1/2"]
[WhiteTitle "GM"]
[BlackTitle "GM"]
[WhiteElo "2655"]
[BlackElo "2583"]
[WhiteTeam "Azerbaijan"]
[BlackTeam "Greece"]
[WhiteFideId "13401653"]
[BlackFideId "4221990"]
[EventDate "2025.10.05"]

1. e4 e6 2. d4 d5 3. e5 c5 4. c3 Nc6 5. Nf3 Bd7 6. Bd3 cxd4 7. cxd4 Qb6 8. O-O
Nxd4 9. Nbd2 Bc5 10. Nxd4 Bxd4 11. Qh5 g6 12. Qe2 Ne7 13. Nb3 Nc6 14. Nxd4 Qxd4
15. Re1 Nb4 16. Bb5 Rc8 17. Bg5 h6 18. Be3 Qxe5 19. Bxd7+ Kxd7 20. Qb5+ Nc6 21.
Qxb7+ Rc7 22. Qa6 Qd6 23. Rac1 d4 24. Bd2 g5 25. b4 Rhc8 26. Qa4 a6 27. Rc5 Ke7
28. Qxa6 Nb8 29. Qxc8 Rxc8 30. Rxc8 Nd7 31. b5 Qa3 32. Rc7 Qb2 33. Rd1 Qxb5 34.
a3 Kf6 35. Bb4 e5 36. Rdc1 Kg7 37. h3 Nf6 38. R7c5 Qb8 39. Rc8 Qb5 40. R8c5 Qb8
41. Rc8 Qb5 42. R1c6 Nh7 43. Rd6 Qe2 44. Rdc6 g4 45. hxg4 Qxg4 46. Rd8 Qd1+ 47.
Kh2 Qh5+ 1/2-1/2

[Event "25th European Teams"]
[Site "Batumi GEO"]
[Date "2025.10.09"]
[Round "5.3"]
[Board "3"]
[White "Mastrovasilis, Dimitrios"]
[Black "Suleymanli, Aydin"]
[Result "1/2-1/2"]
[WhiteTitle "GM"]
[BlackTitle "GM"]
[WhiteElo "2522"]
[BlackElo "2614"]
[WhiteTeam "Greece"]
[BlackTeam "Azerbaijan"]
[WhiteFideId "4202694"]
[BlackFideId "13413937"]
[EventDate "2025.10.05"]

1. e4 e5 2. Nf3 Nc6 3. d4 exd4 4. Nxd4 Nf6 5. Nxc6 bxc6 6. Bd3 d5 7. exd5 cxd5
8. O-O Be7 9. c4 O-O 10. Nc3 d4 11. Ne4 Bb7 12. Nxf6+ Bxf6 13. Bf4 g6 14. b4 Re8
15. Qd2 Qd7 16. Rfe1 c5 17. b5 Qg4 18. Bg3 Bg5 19. Qa5 Rec8 20. Re2 Qd7 21. a4
f5 22. Rae1 f4 23. Bxf4 Bxg2 24. Kxg2 Bxf4 25. h3 Bd6 26. Qa6 Rf8 27. Qc6 Qxc6+
28. bxc6 Rac8 29. Re6 Bc7 30. Be4 Ba5 31. Rb1 Bb4 32. Re7 Rfe8 33. Bd5+ Kh8 34.
Rxe8+ Rxe8 35. Rb3 Kg7 36. Rf3 Re7 37. Kf1 Re1+ 38. Kg2 Re7 39. Kf1 Re1+ 40. Kg2 1/2-1/2

[Event "25th European Teams"]
[Site "Batumi GEO"]
[Date "2025.10.09"]
[Round "5.3"]
[Board "4"]
[White "Muradli, Mahammad"]
[Black "Pavlidis, Antonios"]
[Result "1/2-1/2"]
[WhiteTitle "GM"]
[BlackTitle "GM"]
[WhiteElo "2584"]
[BlackElo "2579"]
[WhiteTeam "Azerbaijan"]
[BlackTeam "Greece"]
[WhiteFideId "13409301"]
[BlackFideId "4212312"]
[EventDate "2025.10.05"]

1. d4 Nf6 2. c4 e6 3. Nf3 d5 4. Nc3 c5 5. e3 Nc6 6. cxd5 exd5 7. Bb5 cxd4 8.
exd4 Be7 9. Ne5 Bd7 10. O-O O-O 11. Bf4 Rc8 12. Re1 a6 13. Bxc6 Bxc6 14. Re3 Bd7
15. Qb3 b5 16. Nxd7 Qxd7 17. Bg5 Rc4 18. Rae1 Bd8 19. Re5 Rxd4 20. Bxf6 Bxf6 21.
Rxd5 Re8 22. Rxe8+ Qxe8 23. g3 b4 24. Rxd4 Bxd4 25. Nd1 Qe2 26. a3 a5 27. axb4
axb4 28. Kg2 g6 29. Qf3 Qc2 30. b3 Kf8 31. Kf1 h5 32. Kg2 Kg8 33. Qa8+ Kg7 34.
Qf3 Kg8 35. Qa8+ Kg7 36. Qf3 Qd2 37. Kf1 Bc5 38. Kg2 Bd4 39. Kf1 Bc5 40. Kg2 Bd4
41. Kf1 Qc2 42. Kg2 Kf8 43. Kf1 f6 44. Kg2 g5 45. h3 Kg7 46. Ne3 Bxe3 47. Qxe3
Kf7 48. Qf3 Ke6 49. Qa8 Qc3 50. h4 gxh4 51. gxh4 Ke5 52. Qa5+ Kf4 53. Qd5 f5 54.
Qd1 Qc6+ 55. Kg1 Qc3 56. Qxh5 Qxb3 57. Qg5+ Ke5 58. h5 Qd1+ 59. Kh2 Qf3 60. Qe7+
Kf4 61. Qh4+ Qg4 62. Qxg4+ Kxg4 63. h6 b3 64. h7 b2 65. h8=Q b1=Q 66. Qg7+ 1/2-1/2

[Event "25th European Teams"]
[Site "Batumi GEO"]
[Date "2025.10.09"]
[Round "5.4"]
[Board "1"]
[White "Vitiugov, Nikita"]
[Black "Maurizzi, MarcAndria"]
[Result "1-0"]
[WhiteTitle "GM"]
[BlackTitle "GM"]
[WhiteElo "2654"]
[BlackElo "2624"]
[WhiteTeam "England"]
[BlackTeam "France"]
[WhiteFideId "4152956"]
[BlackFideId "36083534"]
[EventDate "2025.10.05"]

1. d4 Nf6 2. c4 g6 3. Nc3 Bg7 4. e4 d6 5. f3 O-O 6. Be3 a6 7. Qd2 c5 8. dxc5
dxc5 9. Qxd8 Rxd8 10. Bxc5 Nc6 11. Bb6 Rd6 12. Be3 Be6 13. Rc1 Ne5 14. Nd5 Bxd5
15. cxd5 e6 16. dxe6 Rxe6 17. Be2 Neg4 18. fxg4 Rxe4 19. Bd2 Nxg4 20. h3 Nf6 21.
Bc3 Bh6 22. Rd1 Nh5 23. g4 Ng3 24. Rh2 Ra4 25. Bf3 Re8+ 26. Kf2 Bf4 27. Bxb7
Rxa2 28. Rg2 Be5 29. Bxe5 Nh1+ 30. Kf3 Rxe5 31. Bd5 Ra5 32. Rgd2 1-0

[Event "25th European Teams"]
[Site "Batumi GEO"]
[Date "2025.10.09"]
[Round "5.4"]
[Board "2"]
[White "Fressinet, Laurent"]
[Black "Adams, Michael"]
[Result "1-0"]
[WhiteTitle "GM"]
[BlackTitle "GM"]
[WhiteElo "2602"]
[BlackElo "2646"]
[WhiteTeam "France"]
[BlackTeam "England"]
[WhiteFideId "608742"]
[BlackFideId "400041"]
[EventDate "2025.10.05"]

1. e4 e5 2. Nf3 Nc6 3. Bb5 a6 4. Ba4 Nf6 5. O-O Be7 6. d3 b5 7. Bb3 d6 8. Bd2
O-O 9. h3 h6 10. a3 Re8 11. Nc3 Rb8 12. Nd5 Bf8 13. c4 bxc4 14. Ba4 Bd7 15.
Nxf6+ Qxf6 16. Rc1 Qe6 17. Rxc4 d5 18. exd5 Qxd5 19. Bc3 Rbd8 20. Re1 Bd6 21.
Rce4 Bf5 22. R4e3 Re7 23. b4 Rde8 24. Nd2 Bd7 25. Ne4 Nb8 26. Bb3 Qc6 27. Qh5
Rf8 28. Rg3 Kh8 29. Bd2 1-0

[Event "25th European Teams"]
[Site "Batumi GEO"]
[Date "2025.10.09"]
[Round "5.4"]
[Board "3"]
[White "Maroroa Jones, Gawain C B"]
[Black "Laurent-Paoli, Pierre"]
[Result "1/2-1/2"]
[WhiteTitle "GM"]
[BlackTitle "GM"]
[WhiteElo "2643"]
[BlackElo "2570"]
[WhiteTeam "England"]
[BlackTeam "France"]
[WhiteFideId "409561"]
[BlackFideId "26017962"]
[EventDate "2025.10.05"]

1. e4 c5 2. Nf3 Nc6 3. Bb5 e6 4. c3 d5 5. d3 Bd7 6. Bf4 Nge7 7. O-O Ng6 8. exd5
exd5 9. Re1+ Be7 10. Bd6 O-O 11. Bxc6 Bxc6 12. Bxe7 Nxe7 13. d4 c4 14. Nbd2 Ng6
15. Ne5 Nxe5 16. Rxe5 Re8 17. Nf1 Qd6 18. Qh5 Qg6 19. Qxg6 hxg6 20. h4 f6 21.
Re3 Kf7 22. f3 b5 23. Kf2 a5 24. a3 Bd7 25. Rxe8 Rxe8 26. Ne3 Ke6 27. g4 Kd6 28.
Ng2 Be6 29. Re1 Ra8 30. Nf4 Bf7 31. Ra1 Rh8 32. Kg3 Re8 33. g5 Ra8 34. Kg2 Rh8
35. Rh1 fxg5 36. hxg5 Rxh1 37. Kxh1 Kc6 38. Kg2 b4 39. axb4 axb4 40. Kf2 Kb5 41.
Ne2 bxc3 42. bxc3 Ka4 43. Ke3 Kb3 44. Kd2 Kb2 45. Nf4 Kb3 46. Ng2 Be6 47. Nh4
Bf5 48. Ng2 Be6 49. Ne3 Kb2 50. Nc2 Bc8 51. Ne3 Be6 52. Nf1 Kb3 53. Nh2 Bf5 54.
f4 Be6 55. Nf3 Bd7 56. Ne5 Be8 57. Ng4 Bd7 58. Ne3 Be6 59. Nc2 Bc8 60. Ne3 Be6
61. f5 gxf5 62. Ng2 Bf7 63. Nf4 g6 64. Ne2 Kb2 65. Nf4 Kb3 66. Ne2 Kb2 67. Nf4 1/2-1/2

[Event "25th European Teams"]
[Site "Batumi GEO"]
[Date "2025.10.09"]
[Round "5.4"]
[Board "4"]
[White "Lagarde, Maxime"]
[Black "McShane, Luke J"]
[Result "1-0"]
[WhiteTitle "GM"]
[BlackTitle "GM"]
[WhiteElo "2617"]
[BlackElo "2614"]
[WhiteTeam "France"]
[BlackTeam "England"]
[WhiteFideId "662399"]
[BlackFideId "404853"]
[EventDate "2025.10.05"]

1. c4 Nf6 2. Nc3 e5 3. g3 Bb4 4. e4 Bxc3 5. dxc3 d6 6. f3 a5 7. a4 Be6 8. Nh3
Qe7 9. b3 Na6 10. Ra2 Nc5 11. Be3 O-O 12. Ng5 Bd7 13. Rd2 Kh8 14. h4 Rad8 15. g4
Be6 16. h5 h6 17. b4 axb4 18. cxb4 Na6 19. Nxe6 fxe6 20. g5 Nh7 21. gxh6 gxh6
22. Bxh6 Rg8 23. b5 Nc5 24. Be3 Qf6 25. b6 cxb6 26. Be2 Ng5 27. h6 Nf7 28. Rb2
Rg2 29. Rxb6 Qg6 30. Qd2 Ng5 31. Rf1 Ngxe4 32. fxe4 Nxe4 33. Qd3 Rg8 34. Rxb7
Ng3 35. Qxg6 Rxe2+ 36. Kd1 Rxg6 37. Rf8+ Rg8 38. Rxg8+ Kxg8 39. Rg7+ Kh8 40.
Rxg3 Ra2 41. Rg6 Rxa4 42. Rxe6 Rxc4 43. Rxd6 1-0